| 000 | 00790nam a22002057a 4500 | ||
|---|---|---|---|
| 003 | BUBTL | ||
| 008 | 240510b ||||| |||| 00| 0 eng d | ||
| 041 | _aবাংলা ও ইংরেজী | ||
| 082 |
_2১ম সং _a347/ B525v/ 2009 |
||
| 100 |
_aবিপ্লব, আব্দুল কুদ্দুস _95825 |
||
| 245 |
_aমূল্য সংযোজন কর আইন ও বিধিমালা/ _bআব্দুল কুদ্দুস বিপ্লব |
||
| 250 | _a১ম সং | ||
| 260 |
_aঢাকা, _bমৈত্রী পাবলিকেশন্স _cc2009 |
||
| 300 |
_a[17], 275 p. : _bill. ; 21 cm. |
||
| 526 | _aLaw | ||
| 650 | 0 | _aLaw | |
| 856 |
_k0 _l0 _yDownload |
||
| 942 |
_2ddc _cBK |
||
| 999 |
_c7315 _d7315 |
||